Architecture in Chicago and Mid America: a photographic history

Guardat en:
Dades bibliogràfiques
Autor principal: Andrews, Wayne (Autor)
Format: Llibre
Idioma:anglès
Publicat: Nueva York Harper and Row 1968
Matèries:
Etiquetes: Afegir etiqueta
Sense etiquetes, Sigues el primer a etiquetar aquest registre!

MARC

LEADER 00000nam a2200000 a 4500
001 UCT2743
003 CL-VaPUC
008 961011e19680000US |||||||||||||||||eng|d
082 0 4 |a 720.971  |b AND  |2 21 
100 0 |a Andrews, Wayne  |e author  |9 371758 
245 1 0 |a Architecture in Chicago and Mid America: a photographic history 
300 |a 186 p 
942 |c BK 
945 |d 19961011 00:00:00  |a rbrito 
260 |a Nueva York  |b Harper and Row  |c 1968 
650 0 |a Arquitectura  |9 804558 
650 0 |a Diseño arquitectónico   |9 265271 
650 0 |a Edificios   |9 260501 
650 0 |a Vivienda  |9 258662 
650 0 |a Planificación urbana   |9 258176 
650 0 |a Estilos artísticos  |9 340996 
650 0 |a Monumentos  |9 265246 
583 |a last modification  |c 19961011 00:00:00  |k Rodrigo Vera 
999 |c 252718  |d 252716 
952 |0 0  |1 0  |4 0  |6 720_971000000000000_AND_1968  |7 0  |8 A  |9 272771  |a BIBARQ  |b BIBARQ  |d 2019-11-19  |i 3238113  |o 720.971 AND 1968  |p 3238113  |r 2025-01-20  |w 2019-11-19  |y BK  |k ARQ